María, una virgen de carne y hueso. Una investigación que descubre a la mujer que se esconde detrás del mito
Guardat en:
| Autor principal: | |
|---|---|
| Altres autors: | |
| Format: | Llibre |
| Idioma: | anglès |
| Publicat: |
Madrid, España:
mr ediciones,
2005
|
| Edició: | Primera edición |
| Col·lecció: | Dimensiones
|
| Matèries: | |
| Etiquetes: |
Afegir etiqueta
Sense etiquetes, Sigues el primer a etiquetar aquest registre!
|
MARC
| LEADER | 00000nam a22000007a 4500 | ||
|---|---|---|---|
| 003 | CL-VaPUC | ||
| 005 | 20240829125803.0 | ||
| 008 | 220425b2005 ||||| |||| 00| 0 eng d | ||
| 999 | |c 435492 |d 435490 | ||
| 020 | |a 84-270-3163-7 | ||
| 040 | |c Pontificia Universidad Católica de Valparaíso | ||
| 082 | 0 | 4 | |2 22 |a 232.91 HAZ 2005 |
| 100 | 1 | |a Hazleton, Lesley |e autora |9 868749 | |
| 245 | 1 | 0 | |a María, una virgen de carne y hueso. |b Una investigación que descubre a la mujer que se esconde detrás del mito |
| 246 | |a Mary, a flesh-and-blood biography of the Virgin Mother. | ||
| 250 | |a Primera edición | ||
| 260 | |a Madrid, España: |b mr ediciones, |c 2005 | ||
| 300 | |a 276 páginas | ||
| 490 | 0 | |a Dimensiones | |
| 500 | |a C1. Donación Facultad de Teología, libro pertenciente a la Profesora Eugenia Colomer (Q.E.P.D). Correo en papel 31/03/2022 | ||
| 583 | |c 20220425 |k Catalogador Asistente | ||
| 650 | 1 | |a Virgen María |x Biografías |9 870444 | |
| 650 | 1 | |a Santos cristianos |z Palestina |x Biografías |9 870445 | |
| 650 | 1 | 0 | |a Mariología |x Teología católica |9 365249 |
| 700 | |a Salvetti, Jorge |e traducción del inglés |9 870443 | ||
| 942 | |2 ddc |c BK | ||
| 952 | |0 0 |1 0 |2 ddc |4 0 |6 232_910000000000000_HAZ_2005 |7 0 |8 A |9 582765 |a BIBTEO |b BIBTEO |c GEN |d 2022-04-25 |e Donación |i 5650914 |o 232.91 HAZ 2005 |p 5650914 |r 2025-01-17 |t 1 |w 2022-04-25 |y BK |k ICR | ||